[Event "Omsk-ch"]
[Site "Omsk"]
[Date "2015.02.24"]
[Round "8"]
[White "Strizhachenko, Yuri"]
[Black "Adyrbaev, Albert"]
[Result "1-0"]
[WhiteElo "2116"]
[BlackElo "1890"]
[PlyCount "61"]
[EventDate "2015.02.16"]
[EventType "swiss"]
[EventRounds "9"]
[EventCountry "RUS"]
[SourceTitle "CBM 165 Extra"]
[Source "ChessBase"]
[SourceDate "2015.04.21"]
[SourceVersion "1"]
[SourceVersionDate "2015.04.21"]
[SourceQuality "1"]

1. c4 g6 2. e4 Bg7 3. d3 e5 4. Nc3 Ne7 5. Bg5 c6 6. Qd2 0-0 7. Nf3 f6 8. Bh6 d5 9. Bxg7 Kxg7 10. d4 dxe4 11. Nxe4 exd4 12. Nxd4 Nf5 13. Nxf5+ Bxf5 14. Qxd8 Rxd8 15. Ng3 Be6 16. Be2 Nd7 17. 0-0-0 Ne5 18. b3 a6 19. h3 b5 20. f4 Nf7 21. Ne4 bxc4 22. Bxc4 Bd5 23. Nc5 Kh6 24. Rhe1 Bxc4 25. bxc4 Rd6 26. Rxd6 Nxd6 27. Re6 Nxc4 28. Rxf6 Rc8 29. g4 Ne3 30. Rf7 Nd5 31. g5+ 1-0

[Event "Omsk-ch"]
[Site "Omsk"]
[Date "2015.02.23"]
[Round "7"]
[White "Adyrbaev, Albert"]
[Black "Zuevich, Vladimir"]
[Result "1-0"]
[WhiteElo "1890"]
[BlackElo "1930"]
[PlyCount "42"]
[EventDate "2015.02.16"]
[EventType "swiss"]
[EventRounds "9"]
[EventCountry "RUS"]
[SourceTitle "CBM 165 Extra"]
[Source "ChessBase"]
[SourceDate "2015.04.21"]
[SourceVersion "1"]
[SourceVersionDate "2015.04.21"]
[SourceQuality "1"]

1. c4 Nf6 2. Nc3 d5 3. d4 g6 4. Nf3 Bg7 5. Bg5 Ne4 6. cxd5 Nxg5 7. Nxg5 e6 8. Qd2 exd5 9. Qe3+ Kf8 10. Qf4 Bf6 11. Nf3 c6 12. e4 dxe4 13. Nxe4 Qa5+ 14. Nfd2 Be7 15. Bc4 Qf5 16. Qh6+ Kg8 17. 0-0 Nd7 18. Rad1 Nf8 19. Ng3 Qg5 20. Qxg5 Bxg5 21. f4 Bh4 1-0

[Event "Omsk-ch"]
[Site "Omsk"]
[Date "2015.02.21"]
[Round "6"]
[White "Adyrbaev, Albert"]
[Black "Tastanov, Azamat"]
[Result "0-1"]
[WhiteElo "1890"]
[BlackElo "1765"]
[PlyCount "30"]
[EventDate "2015.02.16"]
[EventType "swiss"]
[EventRounds "9"]
[EventCountry "RUS"]
[SourceTitle "CBM 165 Extra"]
[Source "ChessBase"]
[SourceDate "2015.04.21"]
[SourceVersion "1"]
[SourceVersionDate "2015.04.21"]
[SourceQuality "1"]

1. c4 e5 2. Nc3 Bb4 3. g3 Bxc3 4. bxc3 d6 5. Bg2 Nc6 6. Nf3 Bf5 7. 0-0 Nf6 8. d4 h6 9. Ba3 e4 10. Nd2 0-0 11. Qb1 Qe8 12. Qxb7 Qd7 13. Qa6 Rab8 14. c5 d5 15. e3 Bh3 0-1

[Event "Omsk-ch"]
[Site "Omsk"]
[Date "2015.02.16"]
[Round "1"]
[White "Adyrbaev, Albert"]
[Black "Bogachkova, Alena"]
[Result "0-1"]
[WhiteElo "1890"]
[BlackElo "2155"]
[PlyCount "64"]
[EventDate "2015.02.16"]
[EventType "swiss"]
[EventRounds "9"]
[EventCountry "RUS"]
[SourceTitle "CBM 165 Extra"]
[Source "ChessBase"]
[SourceDate "2015.04.21"]
[SourceVersion "1"]
[SourceVersionDate "2015.04.21"]
[SourceQuality "1"]

1. c4 g6 2. Nc3 Bg7 3. g3 d6 4. Bg2 e5 5. e3 f5 6. Nge2 Nf6 7. 0-0 c6 8. d4 0-0 9. dxe5 dxe5 10. e4 Be6 11. b3 Qc7 12. Qc2 a5 13. Ba3 Rd8 14. Rfd1 Na6 15. Rxd8+ Rxd8 16. Rd1 Nb4 17. Qb1 Ng4 18. Bxb4 axb4 19. Na4 b6 20. Nb2 Nf6 21. f3 fxe4 22. fxe4 Bh6 23. Rd3 Ng4 24. Bh3 Rf8 25. Bxg4 Bxg4 26. Qe1 Bf3 27. Nc1 Qe7 28. Rxf3 Rxf3 29. Ncd3 Re3 30. Qxb4 Qxb4 31. Nxb4 Rxe4 32. Nxc6 Re2 0-1

[Event "Omsk Half op"]
[Site "Omsk"]
[Date "2014.12.23"]
[Round "9"]
[White "Adyrbaev, Albert"]
[Black "Skokov, Boris"]
[Result "0-1"]
[WhiteElo "1892"]
[BlackElo "1985"]
[PlyCount "87"]
[EventDate "2014.12.03"]
[EventType "swiss"]
[EventRounds "9"]
[EventCountry "RUS"]
[SourceTitle "EXT 2023"]
[Source "ChessBase"]
[SourceDate "2022.10.05"]
[SourceVersion "1"]
[SourceVersionDate "2022.10.05"]
[SourceQuality "1"]

1. c4 Nf6 2. d4 e6 3. Nf3 b6 4. g3 Ba6 5. Qc2 c6 6. Bg2 Bb4+ 7. Bd2 Bxd2+ 8. Nbxd2 0-0 9. 0-0 b5 10. b3 d6 11. Ng5 h6 12. Nge4 Nxe4 13. Bxe4 bxc4 14. bxc4 d5 15. cxd5 cxd5 16. Bd3 Bxd3 17. Qxd3 Nd7 18. Rfc1 Qa5 19. Nb3 Qa3 20. Nc5 Qxd3 21. Nxd3 Rfc8 22. Rab1 Nb6 23. Rc5 Na4 24. Rxc8+ Rxc8 25. Rc1 Rxc1+ 26. Nxc1 Kf8 27. Kf1 Ke7 28. Ke1 Kd6 29. Kd2 f6 30. e3 e5 31. Nd3 g5 32. Kc2 e4 33. Nb4 Nb6 34. Na6 Nd7 35. Kc3 f5 36. Nb4 Nf6 37. h3 h5 38. Nc2 h4 39. gxh4 gxh4 40. Ne1 Ng4 41. Ng2 Nxf2 42. Nxh4 Ke6 43. Ng6 Nxh3 44. Ne5 0-1